00838cam a2200229Ia 450000100060000000300080000600500170001400800390003103500230007003500190009303500170011204000470012904100130017608200180018910000340020724501500024126000510039130000500044250400510049265000270054370000380057021946BD-RjUL20211209000741.0140306r19611928nyua b 001 0 eng a(OCoLC)ocm06183270 a(BD-RjUL)22011 a(NNC)4596878 aDLCcURBdOCLdCSUdOCLdSLUdBD-RjULbeng1 aenghger00a909bSPD 19611 aSpengler, Oswald,d1880-1936.14aThe decline of the West /cby Oswald Spengler ; authorized translation with notes by Charles Francis Atkinson.nVOLUME ONE :pForm and actuality. aNew York :bA.A. Knopf,c1926 [Printing 1961]. axv, 428 p. xxxii ;b3 folded tables ;c25 cm. aIncludes bibliographical references and index. 0aCivilizationxHistory.1 aAtkinson, Charles Francis,d1880-